Phân loại học thực vật : Giáo trình dùng cho các trường Đại học sư phạm
Zapisane w:
| 1. autor: | |
|---|---|
| Format: | Sách |
| Język: | Undetermined |
| Wydane: |
Giáo dục Việt Nam
2011
|
| Hasła przedmiotowe: | |
| Etykiety: |
Dodaj etykietę
Nie ma etykietki, Dołącz pierwszą etykiete!
|
| Thư viện lưu trữ: | Trung tâm Thư viện - Trường Đại học Công nghiệp TP. Hồ Chí Minh |
|---|
| LEADER | 00565nam a2200157Ia 4500 | ||
|---|---|---|---|
| 001 | UIH_03542 | ||
| 008 | 231011s9999 xx 000 0 und d | ||
| 082 | |a 580 | ||
| 100 | |a Hoàng Thị Sản | ||
| 245 | 0 | |a Phân loại học thực vật : Giáo trình dùng cho các trường Đại học sư phạm | |
| 245 | 0 | |c Hoàng Thị Sản | |
| 260 | |b Giáo dục Việt Nam | ||
| 260 | |c 2011 | ||
| 650 | |a Thực vật; | ||
| 927 | |a Sách | ||
| 980 | |a Trung tâm Thư viện - Trường Đại học Công nghiệp TP. Hồ Chí Minh | ||